Ambivalence : L'amour, la haine, l'indifférence (notice n° 2195367)
[ vue normale ]
| 000 -LEADER | |
|---|---|
| fixed length control field | 01267cam a2200157 4500500 |
| 005 - DATE AND TIME OF LATEST TRANSACTION | |
| control field | 20260405065350.0 |
| 041 ## - LANGUAGE CODE | |
| Language code of text/sound track or separate title | fre |
| 042 ## - AUTHENTICATION CODE | |
| Authentication code | dc |
| 100 10 - MAIN ENTRY--PERSONAL NAME | |
| Personal name | Emmanuelli, Michèle |
| Relator term | author |
| 245 00 - TITLE STATEMENT | |
| Title | Ambivalence : L'amour, la haine, l'indifférence |
| 260 ## - PUBLICATION, DISTRIBUTION, ETC. | |
| Name of publisher, distributor, etc. | Presses Universitaires de France,<br/> |
| Date of publication, distribution, etc. | 2005.<br/> |
| 520 ## - SUMMARY, ETC. | |
| Summary, etc. | Le terme d’ambivalence a été proposé par le psychiatre Eugen Bleuler pour décrire chez le schizophrène l’existence simultanée de sentiments contradictoires envers un objet ou une personne. Dans l’action, elle désigne la concurrence insoluble de deux tendances. Ce symptôme considéré alors comme majeur dans la schizophrénie peut se trouver présent dans d’autres expressions pathologiques. A suivre l’évolution du concept d’ambivalence depuis sa naissance chez Bleuler jusqu’à son dépassement et sa négation dans le fonctionnement schizophrénique chez les auteurs contemporains, en passant par les étapes du développement psychique normal et névrosé, on en saisit la nécessité pour la compréhension du fonctionnement mental. |
| 700 10 - ADDED ENTRY--PERSONAL NAME | |
| Personal name | Menahem, Ruth |
| Relator term | author |
| 700 10 - ADDED ENTRY--PERSONAL NAME | |
| Personal name | Nayrou, Félicie |
| Relator term | author |
| 856 41 - ELECTRONIC LOCATION AND ACCESS | |
| Uniform Resource Identifier | <a href="https://shs.cairn.info/ambivalence--9782130554233?lang=fr&redirect-ssocas=7080">https://shs.cairn.info/ambivalence--9782130554233?lang=fr&redirect-ssocas=7080</a> |
Pas d'exemplaire disponible.




Réseaux sociaux